Η Μαύρη Ντάλια

Αποθηκεύτηκε σε:
Λεπτομέρειες βιβλιογραφικής εγγραφής
Κύριος συγγραφέας: Ellroy, James, 1948-
Μορφή: Βιβλίο
Γλώσσα:Greek
English
Δημοσίευση: Αθήνα : Εκδόσεις Άγρα, 2004.
Σειρά:Αστυνομική λογοτεχνία (Άγρα)
Θέματα:
Ετικέτες: Προσθήκη ετικέτας
Δεν υπάρχουν, Καταχωρήστε ετικέτα πρώτοι!

MARC

LEADER 00000cam a2200000 a 4500
001 1/114616
008 170807t2004####gr | ||| |||| ||gre||
020 |a 9603251771  
040 |a GR-MyUa  |b gre  |c GR-MyUa  |e AACR2 
041 1 |a gre  |h eng 
082 7 |a 813   |2 (23) 
100 1 |a Ellroy, James,   |d 1948- 
245 1 2 |a Η Μαύρη Ντάλια /   |c James Ellroy ; μετάφραση Ανδρέας Αποστολίδης.  
260 |a Αθήνα :   |b Εκδόσεις Άγρα,   |c 2004.  
300 |a 476 σ. ;  |c 17 εκ.  
490 1 |a (Σειρά αστυνομικής λογοτεχνίας - Άγρα)  
650 0 |a Noir fiction. 
650 0 |a Mystery  |x Fiction. 
650 0 |a Crime  |x Fiction. 
650 0 |a Detective and mystery stories. 
650 0 |a American fiction. 
830 0 |a Αστυνομική λογοτεχνία (Άγρα) 
852 |a INST  |b SAMOS  |e 20170807  |h 813 ELL  |p 005300044727  |q 005300044727  |t BK  |y 0 
970 |a Φιλιππή  |b Φάλη  |z 07-08-2017